[Event "Bad Breisig op"]
[Site "?"]
[Date "2002.??.??"]
[Round "1"]
[White "Matzat, Andre"]
[Black "Woeltge, Carsten"]
[Result "1-0"]
[WhiteElo "2261"]
[BlackElo "1922"]
[PlyCount "123"]

1. Nf3 Nf6 2. c4 g6 3. Nc3 Bg7 4. e4 d6 5. d4 O-O 6. Be2 e5 7. O-O Nc6 8. d5
Ne7 9. b4 Nh5 10. Re1 f5 11. Ng5 Nf6 12. Bf3 c6 13. Ba3 h6 14. Ne6 Bxe6 15.
dxe6 fxe4 16. Bxe4 d5 17. b5 d4 18. Rb1 Qc7 19. bxc6 bxc6 20. Na4 Nxe4 21. Rxe4
Rab8 22. Rb3 Rxb3 23. axb3 Rf5 24. Nc5 Qa5 25. Qc1 Nc8 26. Nd3 Qd8 27. g4 Rf3
28. Qd1 Rh3 29. Qe2 Kh7 30. f3 h5 31. Qg2 hxg4 32. Rxg4 Rh6 33. Qg3 Qe8 34.
Nxe5 Qxe6 35. Re4 Qf5 36. Kg2 Bxe5 37. Qxe5 Qxe5 38. Rxe5 Rh4 39. Kg3 Rh5 40.
Re8 Nb6 41. Re7+ Kg8 42. Bc1 Ra5 43. Re6 Kf7 44. Rxc6 d3 45. Rd6 Ra1 46. Bd2
Ra3 47. c5 Nc8 48. Rxd3 Ne7 49. Rc3 Nc6 50. b4 Ra2 51. Rd3 Rb2 52. Rd6 Nxb4 53.
Bxb4 Rxb4 54. Rd7+ Ke6 55. Rxa7 Rc4 56. Ra6+ Kf7 57. Rc6 g5 58. h3 Ke7 59. Rc8
Kf6 60. c6 Kg7 61. c7 Kf7 62. Rh8 1-0

[Event "Bad Breisig op"]
[Site "?"]
[Date "2002.??.??"]
[Round "1"]
[White "Kutzner, Stephen"]
[Black "Welz, Peter"]
[Result "0-1"]
[WhiteElo "1847"]
[BlackElo "2236"]
[PlyCount "62"]

1. e4 e6 2. d4 d5 3. Nc3 Bb4 4. e5 c5 5. a3 Bxc3+ 6. bxc3 Qc7 7. Qg4 g6 8. Kd1
Bd7 9. Nf3 Nc6 10. h4 cxd4 11. cxd4 Rc8 12. Bd3 h5 13. Qf4 Nce7 14. Ng5 Nf5 15.
f3 Qc3 16. Rb1 Ba4 17. Qd2 Nxd4 18. Rxb7 Qc6 19. Nxf7 Ne7 20. Nd6+ Kf8 21. Qg5
Bxc2+ 22. Ke1 Rh7 23. Qf6+ Kg8 24. Rxe7 Bxd3 25. Bh6 Rxe7 26. Qxe7 Qc3+ 27. Kf2
Qb2+ 28. Kg3 Ne2+ 29. Kh3 Bf5+ 30. Nxf5 Qxe5 31. Nd6 Qg3# 0-1

[Event "Bad Breisig op"]
[Site "?"]
[Date "2002.??.??"]
[Round "1"]
[White "Becher, Helmut"]
[Black "Juergens, Ralf"]
[Result "1-0"]
[WhiteElo "2213"]
[BlackElo "1800"]
[PlyCount "59"]

1. e4 e5 2. Nf3 Nc6 3. Bb5 a6 4. Bxc6 dxc6 5. O-O Bd6 6. d4 Bg4 7. dxe5 Bxf3 8.
Qxf3 Bxe5 9. Nd2 b5 10. Nb3 Ne7 11. Rd1 Qc8 12. c3 O-O 13. Bf4 Bxf4 14. Qxf4 f5
15. exf5 Rxf5 16. Qg3 Nd5 17. Re1 h6 18. Rad1 Qf8 19. Nd4 Rf6 20. Nxc6 Re8 21.
Ne5 Rd6 22. Nf3 Nf4 23. Qg4 Red8 24. Rxd6 Rxd6 25. Ne5 Rd2 26. Qf3 Qf5 27. Nc6
Re2 28. Rf1 Re6 29. Nd4 Ne2+ 30. Qxe2 1-0

[Event "Bad Breisig op"]
[Site "?"]
[Date "2002.??.??"]
[Round "1"]
[White "Noettger, Eckard"]
[Black "Wempe, Juergen"]
[Result "0-1"]
[WhiteElo "1763"]
[BlackElo "2167"]
[PlyCount "74"]

1. d4 f5 2. c4 Nf6 3. Nc3 e6 4. g3 Be7 5. Bg2 O-O 6. Nf3 d6 7. O-O Qe8 8. Qc2
Qg6 9. e3 c6 10. b3 Na6 11. Bb2 Bd7 12. Rad1 Rac8 13. Qb1 Qh5 14. Qd3 g5 15. a3
g4 16. Nd2 d5 17. Ne2 Bd6 18. Nf4 Qg5 19. Qe2 Ne4 20. Nd3 Rf6 21. f4 gxf3 22.
Nxf3 Qg4 23. Qe1 Be8 24. Nfe5 Qg5 25. Qe2 Bh5 26. Bf3 Bxf3 27. Qxf3 Rc7 28. c5
Bxe5 29. Nxe5 Rg7 30. Qf4 Qh5 31. Qf3 Qh6 32. Kg2 Ng5 33. Qf2 Qh5 34. Nf3 Ne4
35. Qe2 Rfg6 36. Ng1 Rxg3+ 37. Kh1 Rxg1+ 0-1

[Event "Bad Breisig op"]
[Site "?"]
[Date "2002.??.??"]
[Round "1"]
[White "Reimann, Guenther"]
[Black "Zoefel, Peter"]
[Result "0-1"]
[WhiteElo "1747"]
[BlackElo "2055"]
[PlyCount "120"]

1. c4 e6 2. d3 c6 3. Nf3 d5 4. Qc2 Nf6 5. g3 Be7 6. Bg2 O-O 7. O-O Nbd7 8. Nbd2
e5 9. e4 d4 10. Ne1 Qc7 11. Ndf3 h6 12. Nh4 Re8 13. Nf5 Bf8 14. f4 exf4 15.
Bxf4 Qb6 16. Kh1 c5 17. Qe2 Ne5 18. Bc1 Bxf5 19. Rxf5 g6 20. Rf1 Bg7 21. Nf3
Nfd7 22. Nxe5 Nxe5 23. Bf4 Qe6 24. Bxe5 Qxe5 25. Qf3 Re7 26. Bh3 Rb8 27. a4 a6
28. a5 h5 29. Qf4 b5 30. axb6 Rxb6 31. Ra2 Qxf4 32. gxf4 Bh6 33. Bc8 Ra7 34. e5
Ra8 35. Bd7 Rab8 36. Rf2 Kf8 37. Ba4 Ke7 38. Bd1 Bg7 39. b3 f6 40. exf6+ Rxf6
41. Kg2 Bh6 42. Rae2+ Kd6 43. Re4 Rbf8 44. b4 Bxf4 45. bxc5+ Kxc5 46. Ra2 Be3
47. Be2 Rf2+ 48. Kg3 R8f3+ 49. Bxf3 Rxa2 50. Re6 g5 51. Bxh5 Bf4+ 52. Kf3 Rxh2
53. Be8 a5 54. Rc6+ Kb4 55. Rb6+ Kc3 56. Bg6 a4 57. c5 Rb2 58. Ra6 Rb5 59. c6
Rc5 60. Rxa4 Rxc6 0-1

[Event "Bad Breisig op"]
[Site "?"]
[Date "2002.??.??"]
[Round "1"]
[White "Ziltener, Werner"]
[Black "Mahrla, Hans"]
[Result "1-0"]
[WhiteElo "2045"]
[BlackElo "1510"]
[PlyCount "89"]

1. d4 Nf6 2. Nf3 d5 3. e3 e6 4. Bd3 c5 5. b3 Nc6 6. O-O cxd4 7. exd4 Bd6 8. Bg5
h6 9. Bh4 Be7 10. Nbd2 O-O 11. c3 a6 12. Re1 Re8 13. Ne5 Nd7 14. Qh5 Ndxe5 15.
Bxe7 Qxe7 16. dxe5 Bd7 17. Re3 Qg5 18. Qe2 d4 19. Nf3 Qe7 20. cxd4 Nb4 21. Be4
Bb5 22. Qd2 Red8 23. Bxb7 Qxb7 24. Qxb4 a5 25. Qd2 Bc6 26. Rc1 Qb6 27. Rec3
Bxf3 28. gxf3 Rxd4 29. Qe3 Qd8 30. Rc4 Rd3 31. Qf4 Qd5 32. Rc8+ Rxc8 33. Rxc8+
Kh7 34. Qe4+ Qxe4 35. fxe4 Rd2 36. a4 Rd3 37. Rb8 Rd4 38. f3 Kg6 39. Kf2 f5 40.
Ke3 Rd1 41. Rb5 Rb1 42. Kf4 fxe4 43. Kxe4 Re1+ 44. Kd3 Kf5 45. Rxa5 1-0

[Event "Bad Breisig op"]
[Site "?"]
[Date "2002.??.??"]
[Round "1"]
[White "Schmidt, Waldemar"]
[Black "Trifunovic, Dusan"]
[Result "1-0"]
[WhiteElo "1920"]
[BlackElo "2003"]
[PlyCount "81"]

1. c4 f5 2. Nf3 Nf6 3. g3 e6 4. Bg2 c6 5. Nc3 Be7 6. O-O O-O 7. d4 d5 8. Ne5
Nfd7 9. f4 Nxe5 10. dxe5 Nd7 11. Be3 Kh8 12. Qb3 Nc5 13. Qc2 a5 14. cxd5 cxd5
15. Nxd5 exd5 16. Bxc5 Be6 17. Bxe7 Qxe7 18. Rac1 Ra6 19. Qc5 Qd8 20. e3 Rc6
21. Qb5 Qc7 22. Rxc6 Qxc6 23. Qxa5 b6 24. Qb4 Qc5 25. Qd4 Qxd4 26. exd4 Rc8 27.
Rf3 Rc4 28. Rd3 Kg8 29. Bf1 Bd7 30. Rb3 Rxd4 31. Rxb6 Kf7 32. b3 h6 33. a4 g5
34. a5 Rd1 35. Kf2 gxf4 36. gxf4 Ra1 37. a6 Ra2+ 38. Ke3 Ke7 39. Kd4 Be6 40.
Bb5 Bd7 41. Rb7 1-0

[Event "Bad Breisig op"]
[Site "?"]
[Date "2002.??.??"]
[Round "2"]
[White "Boidman, Yuri"]
[Black "Ziltener, Werner"]
[Result "1-0"]
[WhiteElo "2432"]
[BlackElo "2045"]
[PlyCount "77"]

1. e4 e5 2. Nf3 Nc6 3. Bb5 Nf6 4. O-O Bc5 5. Nxe5 O-O 6. Bxc6 dxc6 7. d3 Qe7 8.
Nc4 Be6 9. Ne3 Rad8 10. Qf3 Nd7 11. Nc3 Ne5 12. Qe2 Qh4 13. f4 Ng4 14. h3 Nxe3
15. Bxe3 Bb4 16. f5 Bc8 17. Nd1 Bd6 18. Nf2 Qg3 19. Ng4 h5 20. Bf2 Qf4 21. Bh4
Bc5+ 22. Kh1 Qd6 23. Bxd8 hxg4 24. Bg5 gxh3 25. gxh3 Qg3 26. Qg4 Qxg4 27. hxg4
Bd6 28. d4 f6 29. Bf4 Re8 30. Rae1 g5 31. Bh2 b6 32. e5 fxe5 33. Bxe5 Kf7 34.
Bxd6 Rxe1 35. Rxe1 cxd6 36. Kg2 Bb7 37. Re6 c5+ 38. Kf2 d5 39. c3 1-0

[Event "Bad Breisig op"]
[Site "?"]
[Date "2002.??.??"]
[Round "2"]
[White "Wempe, Juergen"]
[Black "Matzat, Andre"]
[Result "1-0"]
[WhiteElo "2167"]
[BlackElo "2261"]
[PlyCount "95"]

1. e4 c5 2. c3 Nf6 3. e5 Nd5 4. d4 cxd4 5. cxd4 Nc6 6. Nc3 Nxc3 7. bxc3 d6 8.
exd6 e6 9. Bf4 Bxd6 10. Bg3 e5 11. dxe5 Bxe5 12. Qxd8+ Kxd8 13. O-O-O+ Kc7 14.
Bc4 Bxg3 15. hxg3 Ne5 16. Rd4 Rd8 17. Rxd8 Kxd8 18. Be2 h6 19. Nf3 Ng4 20. Nd4
Ke7 21. f4 Bd7 22. Bf3 Rc8 23. Kd2 b6 24. Re1+ Kf6 25. Nc2 Rc5 26. Nb4 h5 27.
Nd5+ Kg6 28. Re7 Be6 29. Be4+ Kh6 30. Nb4 Nf6 31. Bc2 a5 32. Na6 Rxc3 33. Kxc3
Nd5+ 34. Kc4 Nxe7+ 35. Kb5 Nd5 36. Kc6 Ne3 37. Bb3 Bxb3 38. axb3 Nxg2 39. Kxb6
Nxf4 40. gxf4 h4 41. Nc5 f5 42. Nd3 h3 43. Nf2 h2 44. Kxa5 g5 45. Nh1 g4 46.
Ng3 h1=Q 47. Nxh1 Kh5 48. Ng3+ 1-0

[Event "Bad Breisig op"]
[Site "?"]
[Date "2002.??.??"]
[Round "2"]
[White "Welz, Peter"]
[Black "Schmidt, Waldemar"]
[Result "1-0"]
[WhiteElo "2236"]
[BlackElo "1920"]
[PlyCount "57"]

1. e4 c5 2. Nc3 Nc6 3. g3 e5 4. Bg2 Nf6 5. d3 h6 6. Nge2 d6 7. O-O g5 8. Nd5
Be6 9. c3 Bg7 10. d4 Nd7 11. Be3 b6 12. Qd2 Na5 13. b3 Rc8 14. Rad1 Nf8 15. f4
f6 16. fxe5 fxe5 17. Rf2 Nc6 18. Rdf1 Nh7 19. Nxb6 axb6 20. d5 Bg8 21. dxc6
Rxc6 22. c4 Rc7 23. Nc3 Nf6 24. Nb5 Rc6 25. Bxg5 hxg5 26. Qxg5 Qe7 27. Rxf6 d5
28. Qg6+ Bf7 29. Qxg7 1-0

[Event "Bad Breisig op"]
[Site "?"]
[Date "2002.??.??"]
[Round "2"]
[White "Loerke, Reinhard"]
[Black "Becher, Helmut"]
[Result "0-1"]
[WhiteElo "2110"]
[BlackElo "2213"]
[PlyCount "74"]

1. e4 c5 2. Nc3 Nc6 3. f4 e6 4. Bc4 a6 5. a4 d6 6. Nf3 Be7 7. d3 Nf6 8. e5 Ng4
9. Ng5 Nh6 10. exd6 Bxd6 11. Qh5 O-O 12. O-O Nd4 13. g4 Qe7 14. Nxh7 Kxh7 15.
g5 Ndf5 16. Ne4 Bd7 17. d4 cxd4 18. Bd3 Bc6 19. Nf6+ Qxf6 20. gxf6 gxf6 21. Rf2
Rg8+ 22. Kf1 Rg4 23. h3 Rg3 24. Ke2 Rag8 25. b3 R8g6 26. Bxf5 exf5 27. Bd2 Be4
28. Ra2 Bc5 29. Kd1 d3 30. Rf1 Bg2 31. cxd3 Bxf1 32. b4 Bd4 33. Kc1 Bxd3 34.
Be1 Rg1 35. Kd2 Bc4 36. Ra3 R6g2+ 37. Kd1 Bf2 0-1

[Event "Bad Breisig op"]
[Site "?"]
[Date "2002.??.??"]
[Round "2"]
[White "Zoefel, Peter"]
[Black "Rotstein, Arkadij"]
[Result "0-1"]
[WhiteElo "2055"]
[BlackElo "2526"]
[PlyCount "120"]

1. d4 Nf6 2. Nf3 c5 3. e3 g6 4. c3 Bg7 5. Bd3 O-O 6. Nbd2 b6 7. O-O Bb7 8. e4
cxd4 9. cxd4 Nc6 10. Re1 Rc8 11. Nf1 Nb4 12. Bb1 Qc7 13. a3 Nc2 14. Bxc2 Qxc2
15. Qxc2 Rxc2 16. Ne3 Rc7 17. e5 Nd5 18. Nxd5 Bxd5 19. Bd2 Rfc8 20. Rac1 f6 21.
Rxc7 Rxc7 22. Bc3 Kf7 23. exf6 exf6 24. Nd2 Rc6 25. Kf1 Bh6 26. Ne4 f5 27. Ng3
Bc4+ 28. Kg1 Re6 29. Nf1 Rxe1 30. Bxe1 Ke6 31. Ne3 Bb3 32. g3 g5 33. Bc3 f4 34.
gxf4 gxf4 35. Ng4 Bg5 36. Ne5 d6 37. Nf3 Bf6 38. Nd2 Ba2 39. Ne4 Be7 40. Kf1
Kd5 41. f3 Bb1 42. Nf2 Bf5 43. Ke2 Kc4 44. Ne4 a5 45. Nd2+ Kd5 46. b3 Bc2 47.
b4 a4 48. Nf1 Bf6 49. Bd2 Kc4 50. Bxf4 Bd3+ 51. Ke1 Bxf1 52. Kxf1 d5 53. Be5
Be7 54. Ke2 Bxb4 55. Bg7 Bxa3 56. f4 Bd6 57. Be5 Bf8 58. Kd2 Kb3 59. Kc1 a3 60.
Kb1 a2+ 0-1

[Event "Bad Breisig op"]
[Site "?"]
[Date "2002.??.??"]
[Round "2"]
[White "Rotstein, Efim"]
[Black "Murariu, Nicky"]
[Result "1-0"]
[WhiteElo "2375"]
[BlackElo "2009"]
[PlyCount "53"]

1. d4 g6 2. g3 Bg7 3. Bg2 d6 4. Nf3 Nd7 5. e4 b6 6. O-O Ba6 7. Re1 e5 8. a4 h5
9. Nc3 h4 10. dxe5 hxg3 11. exd6 gxf2+ 12. Kxf2 Ne5 13. Bg5 f6 14. Nxe5 cxd6
15. Nxg6 fxg5 16. Nxh8 Qf6+ 17. Kg1 O-O-O 18. Nd5 Qd4+ 19. Qxd4 Bxd4+ 20. Kh1
Bxh8 21. c3 Be5 22. a5 b5 23. Rad1 Re8 24. Bh3+ Kd8 25. Rg1 Nf6 26. Nxf6 Bxf6
27. Rxd6+ 1-0

[Event "Bad Breisig op"]
[Site "?"]
[Date "2002.??.??"]
[Round "2"]
[White "Trifunovic, Dusan"]
[Black "Noettger, Eckard"]
[Result "1/2-1/2"]
[WhiteElo "2003"]
[BlackElo "1763"]
[PlyCount "90"]

1. e4 c5 2. c3 d5 3. exd5 Qxd5 4. d4 e6 5. Nf3 Nc6 6. Be3 cxd4 7. Nxd4 Nxd4 8.
Qxd4 Qxd4 9. Bxd4 Nf6 10. Bxf6 gxf6 11. Bb5+ Bd7 12. Bxd7+ Kxd7 13. Nd2 Be7 14.
O-O-O Rad8 15. Kc2 Kc7 16. b4 Rd7 17. Nc4 Rhd8 18. a4 Rxd1 19. Rxd1 Rxd1 20.
Kxd1 b6 21. Kc2 Kc6 22. a5 Bd8 23. axb6 axb6 24. Kd3 Bc7 25. Nd2 Bd6 26. Ne4
Be7 27. g4 Kc7 28. Kd4 Kc6 29. Kc4 Bd8 30. b5+ Kd7 31. h3 Be7 32. f3 Kc7 33.
Kd4 Kb7 34. f4 Kc7 35. c4 Kb7 36. g5 e5+ 37. fxe5 fxg5 38. Nd6+ Bxd6 39. exd6
h5 40. c5 bxc5+ 41. Kxc5 g4 42. hxg4 hxg4 43. b6 g3 44. d7 g2 45. d8=Q g1=Q+
1/2-1/2

[Event "Bad Breisig op"]
[Site "?"]
[Date "2002.??.??"]
[Round "2"]
[White "Woeltge, Carsten"]
[Black "Meyer, Marco"]
[Result "0-1"]
[WhiteElo "1922"]
[BlackElo "1761"]
[PlyCount "80"]

1. d4 Nf6 2. c4 g6 3. Nc3 Bg7 4. e4 d6 5. f4 c5 6. d5 O-O 7. Nf3 e6 8. Be2 exd5
9. cxd5 a6 10. a4 Re8 11. e5 Nh5 12. Ng5 dxe5 13. Bxh5 exf4+ 14. Be2 Qxg5 15.
O-O Bxc3 16. bxc3 Qe5 17. Bf3 g5 18. Bd2 Qd6 19. Qc2 Nd7 20. c4 Nf6 21. Bd1 Ne4
22. Bc1 Bf5 23. Qb3 Re7 24. Ra2 Rae8 25. Bc2 Qg6 26. Bb2 f6 27. Bxe4 Rxe4 28.
Ba3 Re1 29. Raf2 R8e3 30. Qb2 Bd3 31. Bxc5 Bxf1 32. Rxf1 Re8 33. d6 Qh5 34. Bf2
Rxf1+ 35. Kxf1 Qg4 36. Qd2 f3 37. gxf3 Qxf3 38. d7 Rd8 39. Qd6 Qh3+ 40. Ke1
Qxd7 0-1

[Event "Bad Breisig op"]
[Site "?"]
[Date "2002.??.??"]
[Round "2"]
[White "Mahrla, Hans"]
[Black "Kutzner, Stephen"]
[Result "0-1"]
[WhiteElo "1510"]
[BlackElo "1847"]
[PlyCount "60"]

1. e4 e5 2. Nf3 Nc6 3. d4 exd4 4. Nxd4 Qh4 5. Nc3 Bb4 6. Qd3 Nf6 7. Bd2 Bxc3 8.
Bxc3 Qxe4+ 9. Qe2 Nxd4 10. Bxd4 O-O 11. Bxf6 Qxe2+ 12. Bxe2 gxf6 13. O-O-O d6
14. h3 Bf5 15. g4 Rfe8 16. Rde1 Be4 17. Rhg1 Re5 18. f4 Re6 19. c3 Rae8 20. Kd2
d5 21. Bd1 c5 22. a3 b5 23. h4 d4 24. cxd4 Rd8 25. d5 Rxd5+ 26. Kc1 Rd4 27. g5
f5 28. h5 Rc4+ 29. Kd2 Rd6+ 30. Ke2 Rcd4 0-1

[Event "Bad Breisig op"]
[Site "?"]
[Date "2002.??.??"]
[Round "2"]
[White "Juergens, Ralf"]
[Black "Reimann, Guenther"]
[Result "0-1"]
[WhiteElo "1800"]
[BlackElo "1747"]
[PlyCount "102"]

1. e4 c5 2. Nf3 d6 3. Bc4 Nf6 4. Nc3 a6 5. a4 Nbd7 6. d3 g6 7. O-O Bg7 8. Bxf7+
Kxf7 9. Ng5+ Kg8 10. Ne6 Qb6 11. a5 Qc6 12. Nd8 Qc7 13. Ne6 Qb8 14. g4 Ne5 15.
Nxg7 Kxg7 16. g5 Nh5 17. f4 Bg4 18. Qe1 Nf3+ 19. Rxf3 Bxf3 20. h3 Qc8 21. Qf1
Bg4 22. hxg4 Qxg4+ 23. Qg2 Qxg2+ 24. Kxg2 Rhf8 25. Nd5 Kf7 26. e5 dxe5 27. fxe5
Rac8 28. Ra3 Ke6 29. Nb6 Rcd8 30. Rc3 Rf5 31. Rxc5 Rxe5 32. Rxe5+ Kxe5 33. Be3
Kf5 34. Kf3 Ng7 35. Bc5 e5 36. Nc4 Rd7 37. Bd6 Ne6 38. Bxe5 Nd4+ 39. Bxd4 Rxd4
40. Ke3 Rd8 41. d4 Kxg5 42. Ne5 Rd5 43. b4 Kf5 44. Nd3 Rd7 45. Nc5 Re7+ 46. Kd2
g5 47. Nd3 g4 48. c4 g3 49. Ne1 Re4 50. c5 Rxd4+ 51. Kc3 Re4 0-1

[Event "Bad Breisig op"]
[Site "?"]
[Date "2002.??.??"]
[Round "3"]
[White "Becher, Helmut"]
[Black "Boidman, Yuri"]
[Result "0-1"]
[WhiteElo "2213"]
[BlackElo "2432"]
[PlyCount "76"]

1. e4 d5 2. exd5 Nf6 3. d4 Bg4 4. f3 Bf5 5. Bb5+ Nbd7 6. Nc3 a6 7. Bd3 Bxd3 8.
Qxd3 Nb6 9. Nge2 Nfxd5 10. Nxd5 Nxd5 11. c4 Nf6 12. O-O e6 13. Qb3 Qc8 14. Bf4
Be7 15. Nc3 O-O 16. Rad1 c6 17. Rfe1 b5 18. Ne4 Rd8 19. cxb5 axb5 20. Nxf6+
Bxf6 21. Be5 Bh4 22. Bg3 Bxg3 23. hxg3 Rd5 24. Re5 Qa6 25. Rxd5 cxd5 26. Rc1 g6
27. a3 Qa4 28. Qc3 Rb8 29. Kh2 b4 30. Qc5 Ra8 31. Qe7 bxa3 32. Rc7 Rf8 33. bxa3
Qxd4 34. g4 Qf4+ 35. Kh3 Kg7 36. Ra7 h5 37. Qxe6 hxg4+ 38. Qxg4 Rh8+ 0-1

[Event "Bad Breisig op"]
[Site "?"]
[Date "2002.??.??"]
[Round "3"]
[White "Wempe, Juergen"]
[Black "Welz, Peter"]
[Result "1/2-1/2"]
[WhiteElo "2167"]
[BlackElo "2236"]
[PlyCount "43"]

1. d4 f5 2. e4 fxe4 3. Nc3 Nf6 4. Bg5 Nc6 5. d5 Ne5 6. Qd4 Nf7 7. Bxf6 exf6 8.
Nxe4 Be7 9. Nf3 O-O 10. g4 d6 11. Rg1 c5 12. Qd2 Bd7 13. O-O-O b5 14. Kb1 a5
15. Nh4 a4 16. Nf5 b4 17. f4 b3 18. cxb3 axb3 19. axb3 Re8 20. Bc4 Bf8 21. Bd3
Qb6 22. Qc3 1/2-1/2

[Event "Bad Breisig op"]
[Site "?"]
[Date "2002.??.??"]
[Round "3"]
[White "Rotstein, Arkadij"]
[Black "Matzat, Andre"]
[Result "1/2-1/2"]
[WhiteElo "2526"]
[BlackElo "2261"]
[PlyCount "107"]

1. e4 c6 2. c4 d5 3. exd5 cxd5 4. d4 Nf6 5. Nc3 e6 6. Nf3 Bb4 7. Bd3 dxc4 8.
Bxc4 O-O 9. O-O Nbd7 10. Bd3 b6 11. a3 Bxc3 12. bxc3 Bb7 13. c4 Be4 14. Bb2
Bxd3 15. Qxd3 Nc5 16. Qc2 Nb7 17. Rfd1 Rc8 18. Qe2 Nd6 19. Ne5 Qc7 20. Rac1 Qb7
21. Rd3 Rfd8 22. Rh3 Qe4 23. Re3 Qb7 24. g4 h6 25. h4 Nd7 26. a4 Nxe5 27. Rxe5
Qa6 28. c5 Qxe2 29. Rxe2 bxc5 30. dxc5 Ne8 31. c6 Nc7 32. Be5 Rd5 33. Rc4 Rd1+
34. Kg2 Nd5 35. Rb2 Nb6 36. Rcc2 Rd5 37. Rb5 f6 38. Rxd5 Nxd5 39. Bd6 Kf7 40.
Rc5 Ke8 41. Bg3 Ne7 42. c7 Kd7 43. f3 e5 44. f4 Kd6 45. Rc1 Nc6 46. fxe5+ fxe5
47. Kf3 Kd5 48. Bf2 Rxc7 49. Rc5+ Kd6 50. Ke4 Rb7 51. Rd5+ Ke6 52. Bc5 Rd7 53.
Rxd7 Kxd7 54. Bf8 1/2-1/2

[Event "Bad Breisig op"]
[Site "?"]
[Date "2002.??.??"]
[Round "3"]
[White "Ziltener, Werner"]
[Black "Rotstein, Efim"]
[Result "1-0"]
[WhiteElo "2045"]
[BlackElo "2375"]
[PlyCount "133"]

1. Nf3 d5 2. g3 c5 3. Bg2 Nc6 4. d4 cxd4 5. Nxd4 Nf6 6. O-O Qb6 7. Nxc6 bxc6 8.
c4 e6 9. Nc3 Be7 10. Qc2 O-O 11. Bf4 Ba6 12. cxd5 cxd5 13. Na4 Qb5 14. Nc3 Qc4
15. b3 Qc5 16. Qb2 Rac8 17. Rfc1 Qa3 18. Qd2 Rfd8 19. Na4 Ne4 20. Bxe4 dxe4 21.
Rxc8 Bxc8 22. Qc2 Bf6 23. Rc1 Bb7 24. Qc7 Bd5 25. Be5 Bg5 26. Bf4 Bf6 27. Be5
Be7 28. Bb2 Qd6 29. Be5 Qxc7 30. Rxc7 Bb4 31. e3 a5 32. Nb2 f6 33. Bd4 e5 34.
Bb6 Rd6 35. Bc5 Bxc5 36. Rxc5 Be6 37. Rc2 Bg4 38. Kf1 g5 39. Ke1 f5 40. Rc8+
Kg7 41. Rc7+ Kg6 42. Rc5 Kf7 43. Rxa5 h5 44. Rxe5 h4 45. Rb5 hxg3 46. hxg3 Rh6
47. a4 Rh1+ 48. Kd2 Rf1 49. a5 Rxf2+ 50. Kc3 Be2 51. Nc4 Rf1 52. a6 Ra1 53.
Rb7+ Ke6 54. a7 Bxc4 55. Kxc4 f4 56. exf4 gxf4 57. gxf4 Kd6 58. Kd4 Kc6 59. Rh7
Rd1+ 60. Kxe4 Rd8 61. Ke5 Re8+ 62. Kf6 Kb6 63. f5 Rc8 64. Re7 Rf8+ 65. Rf7 Rc8
66. Kg7 Rd8 67. f6 1-0

[Event "Bad Breisig op"]
[Site "?"]
[Date "2002.??.??"]
[Round "3"]
[White "Meyer, Marco"]
[Black "Loerke, Reinhard"]
[Result "0-1"]
[WhiteElo "1761"]
[BlackElo "2110"]
[PlyCount "60"]

1. e4 e5 2. Nc3 Nc6 3. Bc4 Bc5 4. d3 Na5 5. Bb3 c6 6. Na4 Nxb3 7. axb3 Bd6 8.
Be3 Qe7 9. Nb6 Rb8 10. Rxa7 Bc5 11. Bxc5 Qxc5 12. Nxc8 Rxc8 13. Rxb7 Qa5+ 14.
c3 c5 15. Qh5 Qa1+ 16. Qd1 Qa6 17. Qg4 Nf6 18. Qxg7 Ke7 19. Qg5 Qa1+ 20. Ke2
Qxb2+ 21. Qd2 Qa1 22. c4 Ra8 23. Kf3 Rhg8 24. g3 Ng4 25. Kg2 Ra2 26. Nf3 Rxd2
27. Rxa1 Rxf2+ 28. Kh3 Rxf3 29. Raa7 Rxd3 30. Rc7 Rd2 0-1

[Event "Bad Breisig op"]
[Site "?"]
[Date "2002.??.??"]
[Round "3"]
[White "Schmidt, Waldemar"]
[Black "Zoefel, Peter"]
[Result "1-0"]
[WhiteElo "1920"]
[BlackElo "2055"]
[PlyCount "201"]

1. e4 e5 2. Nc3 Nc6 3. Nf3 Nf6 4. g3 Be7 5. Bg2 O-O 6. O-O d6 7. h3 h6 8. d3
Nh7 9. Nd5 Be6 10. c4 Qd7 11. Kh2 f5 12. exf5 Bxf5 13. Nxe7+ Qxe7 14. Nh4 Qd7
15. Nxf5 Qxf5 16. f4 exf4 17. Bxf4 Qd7 18. d4 Nf6 19. Rc1 Rae8 20. Qd3 Qe7 21.
Rce1 Qd7 22. Bd2 Rxe1 23. Rxe1 Re8 24. Rf1 Rf8 25. b4 Kh8 26. a4 Qe8 27. b5 Nd8
28. Re1 Qf7 29. d5 b6 30. a5 Nb7 31. axb6 axb6 32. Qc3 Nc5 33. Rf1 Qe7 34. Re1
Qf7 35. Bf4 Ncd7 36. Re2 Re8 37. Ra2 Qe7 38. Ra7 Nc5 39. Qd4 Nb3 40. Qd3 Nc5
41. Qg6 Rf8 42. Bc1 Qf7 43. Qxf7 Rxf7 44. Be3 Ne8 45. Bxc5 dxc5 46. Be4 Kg8 47.
Bg6 Re7 48. Ra8 Kf8 49. Kg2 Re5 50. Kf3 Re7 51. Rc8 Re1 52. Bxe8 Rxe8 53. Rxc7
Re1 54. d6 Rd1 55. Rc6 Ke8 56. Rxb6 Rd4 57. Rc6 Rxc4 58. Rc7 Rd4 59. Rxc5 Rxd6
60. Rc7 Rb6 61. Rxg7 Rxb5 62. Rg6 h5 63. Rf6 Ke7 64. Rf4 Rb3+ 65. Kg2 Rb5 66.
Rf3 Rb2+ 67. Rf2 Rb5 68. h4 Ra5 69. Rf3 Rb5 70. Kf2 Ra5 71. Ke3 Rb5 72. Ke4
Rb4+ 73. Ke3 Rb5 74. Kd4 Ra5 75. Rc3 Kf6 76. Ke4 Ra4+ 77. Kf3 Kf5 78. Rc6 Ra3+
79. Kg2 Kg4 80. Rg6+ Kf5 81. Rg5+ Kf6 82. Rxh5 Kg6 83. Rb5 Ra6 84. Re5 Rb6 85.
Kf3 Ra6 86. g4 Ra3+ 87. Kf4 Ra4+ 88. Re4 Ra6 89. Rd4 Rb6 90. Ke5 Rb1 91. Rd6+
Kh7 92. Kf5 Rb5+ 93. Kf6 Kh6 94. Kf7+ Kh7 95. g5 Rb7+ 96. Kf6 Ra7 97. Re6 Ra8
98. Re7+ Kh8 99. h5 Ra6+ 100. Kf7 Rb6 101. g6 1-0

[Event "Bad Breisig op"]
[Site "?"]
[Date "2002.??.??"]
[Round "3"]
[White "Kutzner, Stephen"]
[Black "Reimann, Guenther"]
[Result "1-0"]
[WhiteElo "1847"]
[BlackElo "1747"]
[PlyCount "63"]

1. d4 e6 2. e4 d5 3. Nc3 Nf6 4. Bg5 Be7 5. e5 Nfd7 6. h4 a6 7. Qg4 c5 8. Bxe7
Qxe7 9. Qxg7 Rf8 10. O-O-O f5 11. Qxe7+ Kxe7 12. f4 cxd4 13. Nce2 d3 14. Rxd3
Nc6 15. Nd4 Rg8 16. Rhh3 Nc5 17. Nxc6+ bxc6 18. Rc3 Ne4 19. Rxc6 Ng3 20. Bd3
Nh5 21. g3 Nxg3 22. Ne2 Nxe2+ 23. Bxe2 Rg2 24. Kd1 Bd7 25. Rxa6 Rb8 26. Ra7 Kd8
27. Rc3 Bb5 28. Bxb5 Rxb5 29. b3 Rg1+ 30. Kd2 Rb4 31. Rcc7 Rg2+ 32. Kc1 1-0

[Event "Bad Breisig op"]
[Site "?"]
[Date "2002.??.??"]
[Round "3"]
[White "Murariu, Nicky"]
[Black "Trifunovic, Dusan"]
[Result "1/2-1/2"]
[WhiteElo "2009"]
[BlackElo "2003"]
[PlyCount "70"]

1. b3 b6 2. Bb2 Bb7 3. e3 e6 4. Nf3 Nf6 5. Be2 Be7 6. d3 a5 7. a3 O-O 8. Nbd2
Nd5 9. c4 Bf6 10. d4 Ne7 11. Qc2 d5 12. h4 dxc4 13. bxc4 c5 14. Bd3 g6 15. h5
cxd4 16. O-O-O Nf5 17. e4 Ng7 18. e5 Bxf3 19. Nxf3 Bxe5 20. hxg6 fxg6 21. Bxg6
hxg6 22. Qxg6 Bf4+ 23. Kb1 Qf6 24. Qh7+ Kf7 25. Bxd4 Qf5+ 26. Kb2 Qxh7 27. Rxh7
Rg8 28. g3 Bc7 29. Ng5+ Kg6 30. f4 e5 31. Bxb6 Bxb6 32. Rd6+ Kf5 33. Rxb6 exf4
34. gxf4 Ra6 35. Rb5+ Kxf4 1/2-1/2

[Event "Bad Breisig op"]
[Site "?"]
[Date "2002.??.??"]
[Round "3"]
[White "Noettger, Eckard"]
[Black "Woeltge, Carsten"]
[Result "1/2-1/2"]
[WhiteElo "1763"]
[BlackElo "1922"]
[PlyCount "50"]

1. d4 Nf6 2. Nf3 c5 3. e3 d5 4. c3 Bg4 5. Nbd2 Nc6 6. Bd3 e6 7. O-O Bd6 8. dxc5
Bxc5 9. e4 O-O 10. exd5 exd5 11. Nb3 Bb6 12. Bg5 Qd6 13. Bh4 Rfe8 14. Bc2 Ne5
15. Bg3 Bxf3 16. gxf3 Qd7 17. Kg2 Rad8 18. Nd4 Bxd4 19. Qxd4 Nc6 20. Qd3 g6 21.
Rfe1 Nh5 22. Ba4 a6 23. Bxc6 Qxc6 24. Rxe8+ Rxe8 25. Rd1 Rd8 1/2-1/2

[Event "Bad Breisig op"]
[Site "?"]
[Date "2002.??.??"]
[Round "3"]
[White "Mahrla, Hans"]
[Black "Juergens, Ralf"]
[Result "0-1"]
[WhiteElo "1510"]
[BlackElo "1800"]
[PlyCount "72"]

1. e4 e5 2. Nf3 Nc6 3. d4 Nf6 4. d5 Nb8 5. Bd3 d6 6. c4 Bg4 7. h3 Bh5 8. Be3
Be7 9. Nbd2 Bg6 10. O-O O-O 11. b4 h6 12. c5 Nxd5 13. exd5 Bxd3 14. Re1 Bg6 15.
Nc4 Nd7 16. c6 bxc6 17. dxc6 Nf6 18. a3 Nh7 19. b5 f5 20. Bc1 f4 21. Na5 e4 22.
Qd5+ Kh8 23. Nd4 Bh4 24. Ne6 Bxf2+ 25. Kxf2 Qh4+ 26. Kf1 f3 27. Be3 fxg2+ 28.
Kxg2 Rf5 29. Qd4 Nf6 30. Rf1 Rd5 31. Qb2 Bf5 32. Rh1 Bxe6 33. Raf1 Rh5 34. Qf2
Bxh3+ 35. Rxh3 Qxh3+ 36. Kg1 Qh1# 0-1

[Event "Bad Breisig op"]
[Site "?"]
[Date "2002.??.??"]
[Round "4"]
[White "Boidman, Yuri"]
[Black "Wempe, Juergen"]
[Result "0-1"]
[WhiteElo "2432"]
[BlackElo "2167"]
[PlyCount "68"]

1. e4 c5 2. Nf3 Nf6 3. Nc3 e6 4. d4 cxd4 5. Nxd4 d6 6. g4 h6 7. h3 Nc6 8. Be3
Be7 9. Qe2 Nxd4 10. Bxd4 e5 11. Be3 a6 12. f4 Qa5 13. Bg2 Be6 14. f5 Bd7 15.
Qf2 Rc8 16. O-O Rxc3 17. Bd2 Rxc2 18. Bxa5 Rxf2 19. Kxf2 Bc6 20. Rfe1 Bd8 21.
Bxd8 Kxd8 22. Rad1 Ke7 23. Bf3 g5 24. Ke3 h5 25. gxh5 Nxh5 26. Rg1 Nf6 27. Rde1
Rxh3 28. Rh1 Ng4+ 29. Ke2 Bb5+ 30. Kd2 Rxf3 31. Rh5 Rf4 32. Rxg5 Nh2 33. a4
Nf3+ 34. Ke3 Nxg5 0-1